[Event "GER-ch Net Amateur Gr-A Vor3"]
[Site "Playchess.com INT"]
[Date "2020.04.16"]
[Round "6"]
[White "Burkart, Patrick"]
[Black "Liedtke, Matthias"]
[Result "1/2-1/2"]
[WhiteElo "2043"]
[BlackElo "2033"]
[PlyCount "100"]
[EventDate "2020.04.16"]
[EventType "swiss (blitz)"]
[EventRounds "9"]
[EventCountry "GER"]
[SourceTitle "CBM 195 Extra"]
[Source "ChessBase"]
[SourceDate "2020.05.31"]
[SourceVersion "1"]
[SourceVersionDate "2020.05.31"]
[SourceQuality "1"]

1. d4 Nf6 2. c4 g6 3. Nc3 Bg7 4. Nf3 d6 5. Bf4 0-0 6. e3 Nh5 7. Bg5 h6 8. Bh4 g5 9. Nd2 Nf6 10. Bg3 Bf5 11. Be2 Nc6 12. e4 Bg6 13. e5 Nd7 14. exd6 exd6 15. Nb3 f5 16. f4 Nf6 17. 0-0 Ne4 18. Nxe4 fxe4 19. d5 gxf4 20. Rxf4 Rxf4 21. Bxf4 Qf6 22. Qd2 Nd4 23. Rf1 Nxb3 24. axb3 Qd4+ 25. Kh1 Qxd2 26. Bxd2 h5 27. Bc3 Rf8 28. Rxf8+ Kxf8 29. Bxg7+ Kxg7 30. Kg1 Kf6 31. Kf2 h4 32. Ke3 Ke5 33. g3 hxg3 34. hxg3 a5 35. Bg4 b6 36. Bh3 Bh7 37. Bg4 Bg6 38. Be2 Bf7 39. Bd1 Bg6 40. Be2 Be8 41. Bd1 Bg6 42. g4 Be8 43. Be2 Bf7 44. Bf1 Bg6 45. Bg2 Bh7 46. Bf1 Bg6 47. Be2 Bf7 48. Bd1 Bg6 49. Be2 Bh7 50. Bf1 Bg6 1/2-1/2

[Event "GER-ch Net Amateur Gr-A Vor3"]
[Site "Playchess.com INT"]
[Date "2020.04.16"]
[Round "7"]
[White "Traetmar, Mattis"]
[Black "Burkart, Patrick"]
[Result "0-1"]
[WhiteElo "1933"]
[BlackElo "2042"]
[PlyCount "76"]
[EventDate "2020.04.16"]
[EventType "swiss (blitz)"]
[EventRounds "9"]
[EventCountry "GER"]
[SourceTitle "CBM 195 Extra"]
[Source "ChessBase"]
[SourceDate "2020.05.31"]
[SourceVersion "1"]
[SourceVersionDate "2020.05.31"]
[SourceQuality "1"]

1. e4 c5 2. Nf3 e6 3. d4 cxd4 4. Nxd4 Nf6 5. Nc3 d6 6. g4 h6 7. Be3 a6 8. Be2 b5 9. a3 Bb7 10. Bf3 Qc7 11. Qe2 Nbd7 12. g5 hxg5 13. Bxg5 Ne5 14. Bxf6 gxf6 15. Bh5 Qc4 16. 0-0-0 Qxe2 17. Bxe2 Bh6+ 18. Kb1 Ke7 19. Bd3 Rag8 20. Rhg1 Rxg1 21. Rxg1 Bd2 22. Rg2 Bxc3 23. bxc3 f5 24. f3 f4 25. Ne2 Nxf3 26. Nxf4 Rxh2 27. Rg7 Nd2+ 28. Kb2 Nxe4 29. a4 bxa4 30. Rg8 Nc5 31. Rb8 Nxd3+ 32. Nxd3 Be4 33. Ka3 Rxc2 34. Nb4 Rxc3+ 35. Kxa4 f5 36. Nxa6 f4 37. Kb4 Rc1 38. Ra8 Bxa8 0-1

[Event "GER-ch Net Amateur Gr-A Vor2"]
[Site "Playchess.com INT"]
[Date "2020.04.15"]
[Round "6"]
[White "Burkart, Patrick"]
[Black "Dauner, Benedikt"]
[Result "1-0"]
[WhiteElo "1907"]
[BlackElo "2072"]
[PlyCount "175"]
[EventDate "2020.04.15"]
[EventType "swiss (blitz)"]
[EventRounds "9"]
[EventCountry "GER"]
[SourceTitle "CBM 196 Extra"]
[Source "ChessBase"]
[SourceDate "2020.07.31"]
[SourceVersion "1"]
[SourceVersionDate "2020.07.31"]
[SourceQuality "1"]

1. d4 g6 2. e4 Bg7 3. Nc3 d6 4. Nge2 a6 5. a4 b6 6. g3 Bb7 7. Bg2 e6 8. Be3 Nf6 9. h3 0-0 10. 0-0 d5 11. e5 Nfd7 12. Qd2 c5 13. f4 Nc6 14. Kh2 Rc8 15. Rad1 Qc7 16. Rf2 cxd4 17. Nxd4 Na5 18. Bf1 Nc5 19. b4 Nd7 20. Ncb5 axb5 21. Nxb5 Nc4 22. Bxc4 Qxc4 23. Nd6 Qc7 24. Nxc8 Rxc8 25. Bd4 Bf8 26. c3 Bc6 27. Ra1 Ra8 28. Qc2 Nb8 29. Qb3 Be8 30. Rfa2 Nc6 31. Bf2 Rd8 32. Rd2 d4 33. Bxd4 Nxd4 34. Rxd4 Rxd4 35. cxd4 Bc6 36. Rc1 Qd7 37. a5 bxa5 38. bxa5 Ba8 39. Rd1 Qc6 40. Qb2 Bb4 41. a6 Qxa6 42. Ra1 Qb7 43. Rxa8+ Qxa8 44. Qxb4 Qa2+ 45. Kg1 Qa1+ 46. Kg2 Qa2+ 47. Kg1 Qe2 48. Qc3 Qd1+ 49. Kg2 Qe2+ 50. Kg1 h5 51. h4 Kg7 52. Qa1 Qe4 53. Kf2 Qc2+ 54. Kf3 Qd3+ 55. Kf2 Qd2+ 56. Kf3 Qd3+ 57. Kf2 Qe4 58. Qc3 Qf5 59. Qe3 Qh3 60. Qf3 Qf5 61. Qe3 Qc2+ 62. Kf3 Qc6+ 63. Kf2 Qh1 64. Qf3 Qa1 65. Qe3 Kf8 66. Qd2 Kg7 67. Kg2 Qa8+ 68. Kf2 Qe4 69. Qe3 Qd5 70. Kg1 Kf8 71. Kf2 Ke7 72. Qc3 Kf8 73. Qc5+ Ke8 74. Qxd5 exd5 75. g4 Ke7 76. Kg3 Ke6 77. f5+ Ke7 78. gxh5 gxh5 79. Kf4 f6 80. e6 Kd6 81. Ke3 Kc6 82. Kd3 Kd6 83. Kc3 Kc6 84. Kb3 Kd6 85. Kb4 Kc6 86. Ka5 Kd6 87. Kb6 Ke7 88. Kc5 1-0

[Event "GER-ch Net Amateur Gr-A Vor1"]
[Site "Playchess.com INT"]
[Date "2020.04.14"]
[Round "4"]
[White "Burkart, Patrick"]
[Black "Bornholdt, Joa Max"]
[Result "1-0"]
[WhiteElo "1869"]
[BlackElo "1765"]
[PlyCount "69"]
[EventDate "2020.04.14"]
[EventType "swiss (blitz)"]
[EventRounds "9"]
[EventCountry "GER"]
[SourceTitle "EXT 2021"]
[Source "ChessBase"]
[SourceDate "2020.10.23"]
[SourceVersion "1"]
[SourceVersionDate "2020.10.23"]
[SourceQuality "1"]

1. d4 Nf6 2. c4 e6 3. g3 d5 4. Nf3 Be7 5. Bg2 0-0 6. 0-0 dxc4 7. Qc2 c6 8. Qxc4 b5 9. Qc2 Bb7 10. Bg5 Nbd7 11. Nbd2 a6 12. Nb3 Rc8 13. Rfd1 Qc7 14. Rac1 h6 15. Bf4 Qb6 16. Ne5 Nxe5 17. Bxe5 Nd5 18. Nc5 f6 19. Nd7 Qd8 20. Nxf8 Qxf8 21. Bf4 Nxf4 22. gxf4 Bd6 23. Qe4 Qe7 24. e3 Rc7 25. Qd3 Kf7 26. Rc2 Qd7 27. Bf3 Kg8 28. a3 a5 29. Rdc1 b4 30. axb4 axb4 31. b3 Bf8 32. Qg6 Bd6 33. Be4 f5 34. Bf3 Rc8 35. Qg2 1-0

[Event "GER-ch Net Amateur Gr-A Vor1"]
[Site "Playchess.com INT"]
[Date "2020.04.14"]
[Round "6"]
[White "Burkart, Patrick"]
[Black "Fabregas, Oliver"]
[Result "1-0"]
[WhiteElo "1855"]
[BlackElo "1807"]
[PlyCount "79"]
[EventDate "2020.04.14"]
[EventType "swiss (blitz)"]
[EventRounds "9"]
[EventCountry "GER"]
[SourceTitle "EXT 2021"]
[Source "ChessBase"]
[SourceDate "2020.10.23"]
[SourceVersion "1"]
[SourceVersionDate "2020.10.23"]
[SourceQuality "1"]

1. d4 Nf6 2. c4 e6 3. g3 Bb4+ 4. Bd2 Qe7 5. Nf3 b6 6. Nc3 Bb7 7. Bg2 c5 8. dxc5 bxc5 9. 0-0 0-0 10. a3 Ba5 11. Rc1 Nc6 12. Bf4 Rfc8 13. Bd6 Qe8 14. Bxc5 Ne5 15. b4 Nxf3+ 16. Bxf3 Bxf3 17. exf3 Bc7 18. Qd3 a5 19. Nb5 axb4 20. axb4 Bb8 21. Rfd1 h5 22. h4 d5 23. cxd5 Nxd5 24. Nd6 Bxd6 25. Bxd6 Qd7 26. Rxc8+ Rxc8 27. Bc5 Rd8 28. Qd4 Qc7 29. Bb6 Qd7 30. Bxd8 Qxd8 31. Qc5 Qf6 32. Rxd5 exd5 33. Qxd5 Qa1+ 34. Kg2 Qb2 35. b5 Kh7 36. Qxh5+ Kg8 37. Qd5 Kh7 38. Qc6 f5 39. b6 f4 40. g4 1-0

[Event "GER-ch Net Amateur Gr-A Vor1"]
[Site "Playchess.com INT"]
[Date "2020.04.14"]
[Round "2"]
[White "Kreigenfeld, Sven"]
[Black "Burkart, Patrick"]
[Result "1/2-1/2"]
[WhiteElo "1701"]
[BlackElo "1871"]
[PlyCount "180"]
[EventDate "2020.04.14"]
[EventType "swiss (blitz)"]
[EventRounds "9"]
[EventCountry "GER"]
[SourceTitle "EXT 2021"]
[Source "ChessBase"]
[SourceDate "2020.10.23"]
[SourceVersion "1"]
[SourceVersionDate "2020.10.23"]
[SourceQuality "1"]

1. e4 c5 2. Nf3 e6 3. c3 d5 4. e5 d4 5. cxd4 cxd4 6. Bb5+ Bd7 7. Qa4 Nc6 8. 0-0 a6 9. Bxc6 Bxc6 10. Qxd4 Bxf3 11. Qxd8+ Rxd8 12. gxf3 Bc5 13. Nc3 Bd4 14. f4 Nh6 15. Ne4 Nf5 16. Rb1 Ke7 17. b3 Rc8 18. Ba3+ Kd7 19. Rbc1 h6 20. Kg2 b6 21. Nd6 Nxd6 22. Bxd6 f5 23. Kf3 g5 24. fxg5 hxg5 25. Rg1 g4+ 26. Kg2 f4 27. Rc4 Rxc4 28. bxc4 Rh3 29. Rb1 f3+ 30. Kg1 g3 31. hxg3 Rxg3+ 32. Kf1 Rg2 33. Rb3 Rxf2+ 34. Ke1 Re2+ 35. Kd1 Rf2 36. Ke1 Re2+ 37. Kd1 Bxe5 38. Bxe5 Rxe5 39. Rxf3 Kc6 40. Kc2 Re4 41. d3 Re2+ 42. Kb3 Kc5 43. Rf4 e5 44. Rf8 Re3 45. Rc8+ Kd6 46. Rd8+ Kc6 47. Kb4 Re2 48. a4 a5+ 49. Kc3 e4 50. dxe4 Rxe4 51. Rd3 Rh4 52. Rg3 Rh1 53. Rg6+ Kb7 54. Rg7+ Kc6 55. Rg6+ Kb7 56. Rg7+ Ka6 57. Rg3 Rb1 58. Rg2 Rb4 59. Ra2 Kb7 60. Ra3 Kc6 61. c5 bxc5 62. Ra2 Rh4 63. Ra1 Rh3+ 64. Kc4 Rh4+ 65. Kc3 Kd5 66. Rd1+ Rd4 67. Ra1 c4 68. Rh1 Rd3+ 69. Kc2 Kc5 70. Rb1 Ra3 71. Rb5+ Kd4 72. Rxa5 Ra2+ 73. Kb1 Rh2 74. Ra8 Kc3 75. Rb8 Rh1+ 76. Ka2 Rh2+ 77. Kb1 Rh1+ 78. Ka2 Kc2 79. Rb2+ Kd3 80. a5 Rh5 81. Ka3 Rxa5+ 82. Kb4 Ra8 83. Rh2 Rb8+ 84. Ka3 c3 85. Rh3+ Kc4 86. Rh4+ Kd5 87. Rh5+ Ke4 88. Rh4+ Ke5 89. Rc4 Kd5 90. Rxc3 Kd4 1/2-1/2

[Event "Bundesliga 1819"]
[Site "Germany"]
[Date "2019.02.03"]
[Round "8.7"]
[White "Burkart, Patrick"]
[Black "Gustafsson, Jan"]
[Result "1/2-1/2"]
[WhiteElo "2314"]
[BlackElo "2641"]
[PlyCount "68"]
[EventDate "2018.11.10"]
[EventType "team-tourn"]
[EventRounds "15"]
[EventCountry "GER"]
[SourceTitle "CBM 188 Extra"]
[Source "ChessBase"]
[SourceDate "2019.02.26"]
[SourceVersion "1"]
[SourceVersionDate "2019.02.26"]
[SourceQuality "1"]
[WhiteTeam "Hofheim"]
[BlackTeam "Baden-Baden"]
[WhiteTeamCountry "GER"]
[BlackTeamCountry "GER"]

1. d4 Nf6 2. Nf3 d5 3. c4 e6 4. e3 b6 5. Nc3 Bd6 6. Bd3 Bb7 7. Qc2 c5 8. cxd5 exd5 9. b3 0-0 10. 0-0 Re8 11. Bb2 Nbd7 12. Rfd1 a6 13. Rac1 Rc8 14. Qe2 b5 15. dxc5 Nxc5 16. Bf5 Rb8 17. Nd4 Qb6 18. Qf3 Ne6 19. Qh3 Nxd4 20. exd4 g6 21. Bd3 Re6 22. Re1 Rbe8 23. Rxe6 Rxe6 24. Qh4 Qc7 25. Nxb5 Qa5 26. Nxd6 Rxd6 27. Qf4 Re6 28. Qb8+ Kg7 29. Qxb7 Qd2 30. Bf1 Qxb2 31. Rc7 Qxd4 32. Rxf7+ Kh6 33. Qa7 Qa1 34. Re7 Rxe7 1/2-1/2

[Event "Bundesliga 1718"]
[Site "Germany"]
[Date "2018.05.01"]
[Round "15.8"]
[White "Burkart, Patrick"]
[Black "Gustafsson, Jan"]
[Result "0-1"]
[WhiteElo "2302"]
[BlackElo "2640"]
[PlyCount "96"]
[EventDate "2017.10.21"]
[EventType "team-tourn"]
[EventRounds "15"]
[EventCountry "GER"]
[SourceTitle "CBM 184"]
[Source "ChessBase"]
[SourceDate "2018.05.16"]
[SourceVersion "1"]
[SourceVersionDate "2018.05.16"]
[SourceQuality "1"]
[WhiteTeam "Hofheim"]
[BlackTeam "Baden-Baden"]
[WhiteTeamCountry "GER"]
[BlackTeamCountry "GER"]

1. d4 Nf6 2. Nf3 g6 3. c4 Bg7 4. Nc3 d5 5. e3 0-0 6. Qb3 e6 7. Be2 b6 8. 0-0 Bb7 9. cxd5 exd5 10. Bd2 Nbd7 11. Rfd1 Re8 12. Rac1 c6 13. Be1 Bf8 14. a3 Bd6 15. Qc2 Qe7 16. Rb1 Rac8 17. Rdc1 Ne4 18. Qa4 Bb8 19. Nxe4 dxe4 20. Nd2 Nf6 21. Rc2 h5 22. Rbc1 Qd6 23. Nf1 Nd5 24. Qb3 Rcd8 25. f3 exf3 26. Bxf3 Nxe3 27. Rxc6 Bxc6 28. Rxc6 Qe7 29. Rxg6+ Kh8 30. Bb4 Qd7 31. Bc6 Qf5 32. Rh6+ Kg7 33. Nxe3 Rxe3 34. Qxe3 Bf4 35. Qf2 Qb1+ 36. Be1 Bxh6 37. h4 Qc1 38. Qg3+ Kf8 39. Kh2 Qxc6 40. Bb4+ Ke8 41. Qe5+ Qe6 42. Qb5+ Rd7 43. Qa6 Rxd4 44. Qb5+ Kd8 45. Qxh5 Rg4 46. Be1 f5 47. Bg3 Qg6 48. Qxg6 Rxg6 0-1

[Event "BL2-Sued 1516"]
[Site "Germany"]
[Date "2016.02.21"]
[Round "7.8"]
[White "Lang, Matthias"]
[Black "Burkart, Patrick"]
[Result "1/2-1/2"]
[WhiteElo "2161"]
[BlackElo "2317"]
[PlyCount "137"]
[EventDate "2015.09.20"]
[EventType "team-tourn"]
[EventRounds "9"]
[EventCountry "GER"]
[SourceTitle "EXT 2017"]
[Source "ChessBase"]
[SourceDate "2016.10.25"]
[SourceVersion "1"]
[SourceVersionDate "2016.10.25"]
[SourceQuality "1"]
[WhiteTeam "Landau"]
[BlackTeam "Hofheim"]
[WhiteTeamCountry "GER"]
[BlackTeamCountry "GER"]

1. d4 d6 2. Nf3 Bg4 3. e4 Nf6 4. Bd3 e5 5. dxe5 dxe5 6. h3 Bh5 7. g4 Bg6 8. Nxe5 Bxe4 9. Bxe4 Qxd1+ 10. Kxd1 Nxe4 11. Nd3 Nd6 12. Re1+ Be7 13. Nc3 c6 14. Bf4 Kf8 15. Ke2 g5 16. Bxd6 Bxd6 17. Ne4 Be7 18. Ne5 b5 19. Rad1 f6 20. Nf3 Kf7 21. Nd4 Rd8 22. c3 a5 23. Rd3 Ra7 24. Rf3 Rd5 25. Rf5 Rxf5 26. Nxf5 Rd7 27. h4 Kg6 28. hxg5 fxg5 29. Rh1 Bf8 30. Rh3 c5 31. Rf3 Be7 32. Ke3 Nc6 33. Nxe7+ Nxe7 34. Nxc5 Rd1 35. Nd3 Nd5+ 36. Ke2 Rb1 37. Kd2 Nf6 38. Ne5+ Kg7 39. Kc2 Rg1 40. Rf5 h6 41. f3 a4 42. Nd3 Rg2+ 43. Kc1 Nxg4 44. fxg4 Rxg4 45. Kd2 h5 46. Nf2 Rg2 47. Ke1 Rg1+ 48. Ke2 Kg6 49. Rxb5 g4 50. Nd3 h4 51. Kf2 Ra1 52. Ne5+ Kf5 53. Nf3+ Ke4 54. Rb4+ Kd3 55. Ne5+ Kc2 56. a3 g3+ 57. Kg2 Rb1 58. Nc4 Re1 59. Kf3 Rf1+ 60. Kg2 Rf2+ 61. Kg1 h3 62. Ne3+ Kd3 63. Nf1 h2+ 64. Nxh2 gxh2+ 65. Kh1 Re2 66. Rd4+ Kc2 67. Rb4 Kd3 68. Rd4+ Kc2 69. Rb4 1/2-1/2

[Event "BL2-Sued 1314"]
[Site "Germany"]
[Date "2014.03.16"]
[Round "8.7"]
[White "Chandler, Patrick"]
[Black "Burkart, Patrick"]
[Result "0-1"]
[WhiteElo "2220"]
[BlackElo "2302"]
[PlyCount "54"]
[EventDate "2013.10.13"]
[EventType "team-tourn"]
[EventRounds "9"]
[EventCountry "GER"]
[SourceTitle "EXT 2015"]
[Source "ChessBase"]
[SourceDate "2014.11.20"]
[SourceVersion "1"]
[SourceVersionDate "2014.11.20"]
[SourceQuality "1"]
[WhiteTeam "Schoeneck"]
[BlackTeam "Hofheim"]
[WhiteTeamCountry "GER"]
[BlackTeamCountry "GER"]

1. e4 Nf6 2. d3 d5 3. Nd2 b6 4. e5 Nfd7 5. Ngf3 e6 6. c3 Ba6 7. b4 c5 8. Rb1 d4 9. b5 dxc3 10. Nc4 Bb7 11. Be2 f6 12. Qc2 Nxe5 13. Nfxe5 fxe5 14. Qxc3 Qd4 15. Qc2 Nd7 16. 0-0 Be7 17. Rb3 0-0 18. Qd1 Rf6 19. Bb2 Qf4 20. Ne3 Rg6 21. g3 Nf6 22. Ng2 Qf5 23. f3 Nd5 24. d4 Qh3 25. dxe5 Rh6 26. Bc4 Qxh2+ 27. Kf2 Rh3 0-1